000 00331nam a22001217a 4500
008 160510b xxu||||| |||| 00| 0 eng d
020 _a9780072892536
020 _a0072892536
041 _aeng
080 _a573
245 _aHuman anatomy laboratory manual and lecture workbook:
_cWilliam W. Farrar; Suzanne Byrd;
942 _2udc
_cBK
999 _c1953
_d1953